Ministers of Defense of the USSR - Statistics

General Stats
  • This quiz has been taken 18 times
  • The average score is 5 of 16
Answer Stats
Hint Answer % Correct
1955-1957 Georgy Zhukov
83%
1941-1947 Joseph Stalin
75%
1918-1925 Leon Trotsky
58%
1987-1991 Dmitry Yazov
50%
1967-1976 Andrei Grechko
33%
1976-1984 Dmitry Ustinov
33%
1925-1940 Kliment Voroshilov
33%
1949-1953 Aleksandr Vasilevsky
25%
1947-1949 Nikolai Bulganin
25%
1953-1955 Nikolai Bulganin
25%
1940-1941 Semyon Timoshenko
25%
1957-1967 Rodion Malinovsky
17%
1984-1987 Sergey Sokolov
17%
1925 (Jan-Oct) Mikhail Frunze
8%
1991 (Aug-Dec) Yevgeny Shaposhnikov
8%
1917-1918 Nikolai Podvoisky
0%
No matching quizzes found
Score Distribution
Percent of People with Each Score
Percentile by Number Answered
Your Score History
You have not taken this quiz